Revised statement of principles on the provision of flood insurance (Record no. 108487)
[ view plain ]
| 000 -LEADER | |
|---|---|
| fixed length control field | 01260cad a22002175a 4500 |
| 001 - CONTROL NUMBER | |
| control field | L144386 |
| 008 - FIXED-LENGTH DATA ELEMENTS--GENERAL INFORMATION | |
| fixed length control field | 110419s2008 xxk f 000 0 eng d |
| 035 ## - SYSTEM CONTROL NUMBER | |
| System control number | (Sirsi) u144386 |
| 041 0# - LANGUAGE CODE | |
| Language code of text/sound track or separate title | eng |
| 050 04 - LIBRARY OF CONGRESS CALL NUMBER | |
| Classification number | 657.3 $2 18 |
| 110 2# - MAIN ENTRY--CORPORATE NAME | |
| Corporate name or jurisdiction name as entry element | Association of British Insurers |
| 9 (RLIN) | 3272 |
| 245 00 - TITLE STATEMENT | |
| Title | Revised statement of principles on the provision of flood insurance |
| Medium | [electronic resource] |
| 260 ## - PUBLICATION, DISTRIBUTION, ETC. | |
| Place of publication, distribution, etc. | London |
| Name of publisher, distributor, etc. | Association of British Insurers |
| Date of publication, distribution, etc. | 2008 |
| 520 ## - SUMMARY, ETC. | |
| Summary, etc. | Document sets out long-term plans produced by Government and the insurance industry to allow for the future provision of flood insurance. The commitment to provision of flood insurance is valid until 30 June 2013 and does not cover new properties built after 1 January 2009 - the Association of British Insurers intends to publish guidance on insuring new build developments in Autumn 2008. The commitment set out allows for annual review during the intervening period. |
| 521 ## - TARGET AUDIENCE NOTE | |
| Target audience note | Advanced |
| 590 ## - LOCAL NOTE (RLIN) | |
| Local note | KA NTK |
| 651 #4 - SUBJECT ADDED ENTRY--GEOGRAPHIC NAME | |
| Geographic name | United Kingdom |
| Chronological subdivision | |
| 690 ## - LOCAL SUBJECT ADDED ENTRY--TOPICAL TERM (OCLC, RLIN) | |
| Topical term or geographic name as entry element | MANAGEMENT-BUSINESS MANAGEMENT-INSURANCE |
| 856 40 - ELECTRONIC LOCATION AND ACCESS | |
| Uniform Resource Identifier | <a href="https://www.abi.org.uk/Publications/Revised_Statement_of_Principles_on_the_Provision_of_Flood_Insurance1.aspx">https://www.abi.org.uk/Publications/Revised_Statement_of_Principles_on_the_Provision_of_Flood_Insurance1.aspx</a> |
| Public note | View the document free of charge online at www.abi.org.uk |
| 942 ## - ADDED ENTRY ELEMENTS (KOHA) | |
| Suppress in OPAC | 0 |
| Withdrawn status | Lost status | Source of classification or shelving scheme | Damaged status | Not for loan | Home library | Current library | Shelving location | Date acquired | Total Checkouts | Full call number | Barcode | Date last seen | Copy number | Price effective from | Koha item type |
|---|---|---|---|---|---|---|---|---|---|---|---|---|---|---|---|
| Dewey Decimal Classification | Virtual | Virtual | Online | 15/07/2008 | ONLINE PUBLICATION | 144386-1001 | 06/08/2019 | 1 | 06/08/2019 | Book |